| 000 -LEADER |
| fixed length control field |
01297cam a2200337 i 4500 |
| 003 - CONTROL NUMBER IDENTIFIER |
| control field |
OSt |
| 005 - DATE AND TIME OF LATEST TRANSACTION |
| control field |
20231120113333.0 |
| 008 - FIXED-LENGTH DATA ELEMENTS--GENERAL INFORMATION |
| fixed length control field |
100325s2010 ii a b 000 0 eng |
| 020 ## - INTERNATIONAL STANDARD BOOK NUMBER |
| International Standard Book Number |
9788179931318 |
| 037 ## - SOURCE OF ACQUISITION |
| Source of stock number/acquisition |
Library of Congress -- New Delhi Overseas Office |
| 040 ## - CATALOGING SOURCE |
| Original cataloging agency |
BMSCA |
| 041 ## - LANGUAGE CODE |
| Language code of text/sound track or separate title |
Eng |
| 082 ## - DEWEY DECIMAL CLASSIFICATION NUMBER |
| Edition number |
22 |
| Classification number |
307.76 |
| Item number |
JAC |
| 245 00 - TITLE STATEMENT |
| Title |
Cities : |
| Remainder of title |
steering towards sustainability / |
| Statement of responsibility, etc |
Pierre Jacquet, Rajendra K. Pachauri, Laurence Tubiana (editors). |
| 260 ## - PUBLICATION, DISTRIBUTION, ETC. (IMPRINT) |
| Place of publication, distribution, etc |
Delhi: |
| Name of publisher, distributor, etc |
TERI Press, |
| Date of publication, distribution, etc |
2010. |
| 300 ## - PHYSICAL DESCRIPTION |
| Extent |
271 pages : |
| Other physical details |
illustrations ; |
| Dimensions |
23 cm. |
| 500 ## - GENERAL NOTE |
| General note |
"Carine Barbier, Raphaël Jozan, Vincent Renard, Sanjivi Sundar (scientific coordinators)." |
| 500 ## - GENERAL NOTE |
| General note |
"A Planet for life sustainable development in action"--Cover. |
| 504 ## - BIBLIOGRAPHY, ETC. NOTE |
| Bibliography, etc |
Includes bibliographical references. |
| 650 #0 - SUBJECT ADDED ENTRY--TOPICAL TERM |
| Topical term or geographic name as entry element |
Urbanization. |
| 650 #0 - SUBJECT ADDED ENTRY--TOPICAL TERM |
| Topical term or geographic name as entry element |
Sustainable development. |
| 700 1# - ADDED ENTRY--PERSONAL NAME |
| Personal name |
Jacquet, Pierre, |
| Dates associated with a name |
1955- |
| 700 1# - ADDED ENTRY--PERSONAL NAME |
| Personal name |
Pachauri, R. K. |
| 700 1# - ADDED ENTRY--PERSONAL NAME |
| Personal name |
Tubiana, Laurence. |
| 710 2# - ADDED ENTRY--CORPORATE NAME |
| Corporate name or jurisdiction name as entry element |
Tata Energy Research Institute. |
| 710 2# - ADDED ENTRY--CORPORATE NAME |
| Corporate name or jurisdiction name as entry element |
Institut du développement durable et des relations internationales. |
| 710 2# - ADDED ENTRY--CORPORATE NAME |
| Corporate name or jurisdiction name as entry element |
Agence française de développement. |
| 730 0# - ADDED ENTRY--UNIFORM TITLE |
| Uniform title |
Planet for life. |
| 856 41 - ELECTRONIC LOCATION AND ACCESS |
| Materials specified |
Table of contents only |
| Uniform Resource Identifier |
<a href="http://www.loc.gov/catdir/toc/fy13pdf04/2010319827.html">http://www.loc.gov/catdir/toc/fy13pdf04/2010319827.html</a> |
| 942 ## - ADDED ENTRY ELEMENTS (KOHA) |
| Source of classification or shelving scheme |
|